| 000 | 00558nam a2200181Ia 4500 | ||
|---|---|---|---|
| 008 | 090124s9999 xx 000 0 und d | ||
| 082 | _b22978 | ||
| 100 | _aगावडे पु. ल. | ||
| 245 | _a सुर गवसलाच नाही | ||
| 250 | _a1 | ||
| 260 |
_bसंजय प्रकाशन _c1985 |
||
| 300 | _a172 | ||
| 600 | _aगावडे पु. ल. | ||
| 630 | _a सुर गवसलाच नाही | ||
| 700 | _aगावडे पु. ल. | ||
| 730 | _a सुर गवसलाच नाही | ||
| 942 | _cBOOK | ||
| 999 |
_c92018 _d92018 |
||